Shri Venkateswara of Tirupati: (Record no. 183606)

MARC details
000 -LEADER
fixed length control field 00663nam a22001937a 4500
005 - DATE AND TIME OF LATEST TRANSACTION
control field 20211229155656.0
010 ## - LCCN (DPL NO)
LC control number ENG-130756
020 ## - INTERNATIONAL STANDARD BOOK NUMBER
International Standard Book Number 978-93-886-896-70
Terms of availability 3999.00
035 ## - SYSTEM CONTROL NUMBER
System control number EN-114288
037 ## - SOURCE OF ACQUISITION
Source of stock number/acquisition DBAD
082 ## - DEWEY DECIMAL CLASSIFICATION NUMBER
Classification number 294.535095485
100 ## - MAIN ENTRY--PERSONAL NAME
Personal name Rai, Raghu
245 ## - TITLE STATEMENT
Title Shri Venkateswara of Tirupati:
Statement of responsibility, etc Raghu Rai, Lekshmy Rajeev
260 ## - PUBLICATION, DISTRIBUTION, ETC. (IMPRINT)
Place of publication, distribution, etc Chennai
Name of publisher, distributor, etc Westland Publications Private Limited
Date of publication, distribution, etc 2019
270 ## - ADDRESS
Address 1st Floor, A Block, East Wing, Plot No. 40, SP Info City, Dr. MGR Salai, Perungudi, Kandanchavadi
City Chennai
Postal code 600096
300 ## - PHYSICAL DESCRIPTION
Extent 174p
Dimensions 33cm(hbk)
700 ## - ADDED ENTRY--PERSONAL NAME
Personal name Rajeev, Lekshmy
942 ## - ADDED ENTRY ELEMENTS (KOHA)
Source of classification or shelving scheme Dewey Decimal Classification
Item type English Books
Classification part 294.535095485
Call number suffix RAI
Holdings
Withdrawn status Lost status Not for loan Collection code Home library Current library Date acquired Source of acquisition Cost, normal purchase price Full call number Barcode Copy number Cost, replacement price Koha item type
    Not For Loan Reference Ashok Vihar Ashok Vihar 29/12/2021 DBAD/PUB 3999.00 294.535095485 RAI EN-114288 1 3999.00 English Books

© Delhi Public Library
Hit Counter
free hit counter